| 000 | 01063nas a22003255a 4500 | ||
|---|---|---|---|
| 003 | EG-ScBUE | ||
| 005 | 20220622123347.0 | ||
| 008 | 090603r20052001enka f 000 0beng d | ||
| 020 | _a0582461650 | ||
| 020 | _a9780582461659 | ||
| 040 |
_aEG-ScBUE _beng _erda _cEG-ScBUE _dEG-ScBUE |
||
| 082 | 0 | 4 |
_a428.6 _bDEG _222 |
| 100 | 1 |
_aDegnan-Veness, Coleen, _eauthor. |
|
| 245 | 1 | 0 |
_aNelson Mandela / _cColeen Degnan-Veness. |
| 250 | _aFourth impression. | ||
| 264 | 1 |
_aHarlow, England : _bPearson Education Limited, _c2005. |
|
| 300 |
_a24 pages : _billustrations ; _c16 cm. |
||
| 336 |
_2rdacontent _atext _btxt |
||
| 337 |
_2rdamedia _aunmediated _bn |
||
| 338 |
_2rdacarrier _avolume _bnc |
||
| 490 | 0 |
_aPenguin readers ; _vlevel 2 |
|
| 505 | _aSeries Editors: Andy Hopkins and Jocelyn potter | ||
| 590 | _aMohamed Hussein | ||
| 600 | 1 | 7 |
_95754 _aMandela, Nelson, _d1918-2013. _2BUEsh |
| 650 | 7 |
_95755 _aPresidents _zSouth Africa _vBiography. _2BUEsh |
|
| 651 | _2BUEsh | ||
| 653 |
_cAugust2015 _bHHUUEENN |
||
| 655 |
_vReading book _934232 |
||
| 942 |
_2ddc _cBB |
||
| 999 |
_c11726 _d11726 |
||